000 00301pam a2200121a 44500
008 230405s1997 xxu||||| |||| 00| 0 eng d
041 _aENG
100 _aAbhijit Varde
245 _aDaughters of maharashtra
260 _a
_bJaysri salgaonkar for Kolnirnay in
_c1997
300 _a149
906 _a3808
999 _c295151
_d295151